Score 0/20 Timer 04:00
5 Plays Today
% Correct
Jay-Z
95.2%
Justin Bieber
92.2%
John Lennon
91.9%
Marc Anthony
86%
Tim McGraw
79.9%
John Mayer
78.1%
Nick Cannon
76.7%
Blake Shelton
70.1%
Chad Kroeger
62.5%
Garth Brooks
62.2%
% Correct
Lindsey Buckingham
56.5%
James Taylor
54.8%
Bob Dylan
47.1%
Gregg Allman
46.2%
Vince Gill
45.6%
Mick Jagger
43.8%
Paul Simon
33.5%
Graham Nash
26.9%
Ray Davies
22%
Stephen Stills
21.1%
Remove Ads.
Support Sporcle.
Get the best of Sporcle when you Go Orange. This ad-free experience offers more features, more stats, and more fun while also helping to support Sporcle. Thank you for becoming a member.

You're not logged in!

Compare scores with friends on all Sporcle quizzes.
OR
Log In

Show Comments

Extras

Top Quizzes Today


Score Distribution

Your Account Isn't Verified!

In order to create a playlist on Sporcle, you need to verify the email address you used during registration. Go to your Sporcle Settings to finish the process.

Report this User

Report this user for behavior that violates our Community Guidelines.

Details: